Регионална библиотека "Любен Каравелов" - Русе

Светлина, повече светлина (Запис номер 186464)

MARC детайли
000 -Лидер
Контролно поле с фиксирана дължина 01827nam a2200421 c 4500
003 - Код на организацията, давaща контролен номер
Контролно поле BLK
005 - Дата и час на последна редакция
Контролно поле 20180421000409.0
008 - Елементи от данни с фиксирана дължина
fixed length control field 180411b bul|||||r ||||||| ||bul||
010 ## - Наследен системен номер
LC control number KNG00195459000
020 ## - Международен стандартен номер на книга ISBN
Международен стандартен номер на книга ISBN 978-619-196-031-6
-- издат.: ЗЕА ПРИНТ
040 ## - Източник на каталожния запис
Идентификатор на билиотеката - собственик на записа BLK
041 ## - Код за език
Код за езика на текст/звукозапис или на отделно заглавие Български
Код за езика КДБФ Български
072 #7 - Код за тематичната категория
Код организация bullib
Код за тематична категория Н37
Текст Образование. Педагогика Н
080 ## - УДК
Текстов определител УДК Клубно дело - Видове клубове. Дворци и домове на култури
УДК код - определител по УДК 374.29
УДК определител :008(497.233)(091)
УДК - код + определител 374.29:008(497.233)(091)
080 ## - УДК
Текстов определител УДК Цивилизация. Култура. Прогрес. История на културата вж 930.85
УДК код - определител по УДК 008
УДК определител (497.2)(091)
УДК - код + определител 008(497.2)(091)
110 1# - Редна дума - колетивен орган
Редна дума - наименование на организация или юридическо лице Клуб на дейците на културата. Смолян
9 (RLIN) 344113
139 ## - Редно поле
Редна дума Светлина, повече светлина
Авторски знак Све - С 25
245 10 - Сведения за заглавието
Заглавие Светлина, повече светлина
Подзаглавни данни Сб. за 50-год. на клуба
257 ## - Страна на издаване
Страна на създаване/издаване България
260 ## - Област на издателските данни
-- Смолян
Име на издателя, разпространителя и проч. ЗЕА ПРИНТ
Година на издаване 2016
300 ## - Физическа характеристика
Страници 160 с.
Размери/Мащаб 21 см
380 ## - Жанр
Жанр Обществени науки
500 ## - Общи забележки
Забележка Изд. на КДК - Смолян. - Библиогр. с. 123-158.
650 #4 - Допълнително описание по предмет – тема
Основно описание – тема или топоним Домове и дворци на културата - България
9 (RLIN) 269266
650 #4 - Допълнително описание по предмет – тема
Основно описание – тема или топоним Клубове - на културата - история
9 (RLIN) 308607
650 #4 - Допълнително описание по предмет – тема
Основно описание – тема или топоним Сливен - култура
9 (RLIN) 344114
651 #4 - Допълнително описание по предмет - топоним
Географско понятие Смолян
9 (RLIN) 179563
651 #4 - Допълнително описание по предмет - топоним
Географско понятие България
9 (RLIN) 241624
653 ## - Ключова дума – ненормативна
Ключова дума Клуб на дейците на културата
653 ## - Ключова дума – ненормативна
Ключова дума история
653 ## - Ключова дума – ненормативна
Ключова дума юбилейни сборници
659 ## - Тематичен бюлетин
Тематичен бюлетин Н
852 ## - Местоположение
Форматна сигнатура Цб 283030
856 4# - Електронен адрес и достъп
Електронен формат pdf - файл
Път до файла /url/
856 4# - Електронен адрес и достъп
Електронен формат pdf - файл
Път до файла /url/
942 ## - АРТИКУЛИ
Вид на библиотечния материал Книги
Скрит в OPAC Не
944 ## - СЪЗДАВАНЕ И РЕДАКЦИЯ на ЗАПИСА
Създаване/Редакция Създаване
Дата на регистрацията/редакция 08.11.2016
Статус, дата на статуса ф /
Служител, извършил регистрацията/редакцията Виолета_Тройчева
944 ## - СЪЗДАВАНЕ И РЕДАКЦИЯ на ЗАПИСА
Създаване/Редакция Редакция
Дата на регистрацията/редакция 06.12.2016
Статус, дата на статуса ф /
Служител, извършил регистрацията/редакцията Людмила_Стоянова
999 ## - СИСТЕМНИ КОНТРОЛНИ НОМЕРА
Koha biblionumber 186464
Koha biblioitemnumber 186464
Наличности
Код за отписване Код за изгубен артикул Източник на класификационната схема Код за повреда Коз за рестрикции Код за отдаване Артикулен № Име на библиотеката - собственик Име на библиотеката, в която се намира в момента Статус (Текущо местоположение) Дата на вписване в системата Местоположение - отдел Цена в лева Инвентарен номер Систематично азбучна сигнатура Баркод Номер на екземпляра Цена в евро Служебна бележка Служебен тип на артикула
  Не е изгубен Universal Decimal Classification Не е повреден без рестрикции заемане за дома 324658 Регионална библиотека "Любен Каравелов" Русе Регионална библиотека "Любен Каравелов" Русе Заемна - подръчен фонд 2016-11-08 Заемна - подръчен фонд 9.00 120000805467 008/С 25 120000805467 1 4.60 Дост: DA Вид: А N: 39 Дата: 08.11.2016 Дата инв: 07.02.2018 Бележки инв: П2018 Книги
Vip Innovations Ltd, Rousse, Bulgaria 2025